000 00949cab a2200301 4500
001 ABS47806
008 090401t1993 xxu||||| |||| 00| 0 eng d
035 _a(Sirsi) u63460
041 _aeng
100 _aPettipher, M.
245 _aSaving the sashes
260 _c1993
350 _a0
490 _aNew Builder
_v(159) 22 January 1993, 17-18 (2)
520 _aAn article on the refurbishment of the sash windows of Himley Hall built in the eighteenth century contrasts with a report on PVC windows and their share of the market.
650 _aHIMLEY HALL
650 _aHISTORIC BUILDINGS
650 _aPVCU WINDOWS
650 _aRefurbishment
_96264
650 _aSASH WINDOWS
650 _aWINDOWS
690 _aBUILT ENVIRONMENT-BUILDING MATERIALS
690 _aBUILDING AND CONSTRUCTION-REHABILITATION
690 _aBUILT ENVIRONMENT-BUILDING INSPECTION
690 _aCONSERVATION
942 _n0
948 _c04/03/1997
999 _c39443
_d39443